Les stations de la ligne 9 du métro parisien - Mort subite - Statistiques

Statistiques générales
  • Ce quiz a été pris 179 fois
  • Le résultat moyen est 9 sur 18
Answers on the Grid
Answers color-coded by a green-red scale on the quiz's grid according to % correct below.
Ranelagh
Boissière
Mairie de Montreuil
Mairie de Montrouge
Porte de Montreuil
Porte de Bagnolet
Porte de Saint-Cloud
Porte d'Auteuil
Havre - Caumartin
Opéra
Richelieu - Drouot
Bourse
Oberkampf
Filles du Calvaire
Buzenval
Botzaris
Alma - Marceau
Bir Hakeim
Saint-Augustin
Saint-Lazare
Nation
Daumesnil
Croix de Chavaux
Les Sablons
Robespierre
Victor Hugo
Voltaire
Louis Blanc
Saint-Ambroise
Saint-Germain-des-Prés
Saint-Philippe-du-Roule
Saint-François-Xavier
Rue de la Pompe
Rue Saint-Maur
Rue des Boulets
Rue du Bac
 
Statistiques - réponses
Réponse % Correct
Ranelagh
61%
Oberkampf
59%
Nation
58%
Mairie de Montreuil
52%
Alma - Marceau
51%
Richelieu - Drouot
51%
Rue de la Pompe
48%
Buzenval
47%
Croix de Chavaux
46%
Havre - Caumartin
45%
Porte de Montreuil
45%
Porte de Saint-Cloud
45%
Saint-Philippe-du-Roule
45%
Saint-Augustin
44%
Saint-Ambroise
42%
Voltaire
42%
Rue des Boulets
41%
Robespierre
40%
Aucun quiz correspondant
Distribution des résultats
% des personnes avec chaque résultat
Percentile par nombre de réponses
Votre historique - résultats
Vous n’avez pas pris ce quiz